Whitney's Pokemon - Statistics

General Stats
  • This quiz has been taken 4 times
  • The average score is 14 of 22
Answer Stats
She uses it in Answer % Correct
Johto Clefairy
100%
Stadium 2 Dodrio
100%
Johto Girafarig
100%
Unova Lopunny
100%
Johto Miltank
100%
Unova Wigglytuff
100%
Unova Ambipom
50%
Johto Bibarel
50%
Unova Blissey
50%
Unova Cinccino
50%
Johto Clefable
50%
Johto Delcatty
50%
Stadium 2 Donphan
50%
Stadium 2 Gloom
50%
Stadium 2 Golduck
50%
Johto Lickylicky
50%
Stadium 2 Mr.Mime
50%
Stadium 2 Persian
50%
Stadium 2 Stantler
50%
Unova Tauros
50%
Unova Ursaring
50%
Unova Watchong
0%
No matching quizzes found
Score Distribution
Percent of People with Each Score
Percentile by Number Answered
Your Score History
You have not taken this quiz